000 00565nam a2200193 a 4500
008
049 _aMAIN
090 _aK1741
_bMUC
100 1 _aMucheche,Caleb H.
245 1 0 _aLaw and practice guide on labour dismissal remedies in Zimbabwe /
_cCaleb H Mucheche.
260 _a[Harare, Zimbabwe] :
_b[s.n],
_c2014.
300 _a70 p. ;
_c26 cm.
650 _aLabour courts
_zZimbabwe.
907 _a.b10396056
_b18-02-22
_c04-01-19
003
005 20230123141144.0
040 _cNUST
942 _cBOOKS
_kK1741
_mMUC
999 _c168616
_d168616